000 00959nam a2200289Ia 4500
001 C5263
003 IT-RoPAU
008 130308s9999 xx 000 0 und d
040 _aIT-RoPAU
040 _cIT-RoPAU
041 _aFRANCESE
100 _aGrelot Pierre
100 _gCodice Aut. SPICS: 17568
245 _aRelectures Juives et chretienne d'Isaie 61 (Les)
245 _bTemps de la Lecture (Le)-Exegese biblique et Semiotique
250 _a1a ed.
260 _aPARIS
260 _bCerf
260 _c1993 [1° Ed.:1993 - Ed.Ling.Originale:1993]
300 _a"14 p. (prefazione: no ; testo: 14 [pagine: 233-246])"
500 _aRilettura giudaica e Cristiana del Capitolo 61 di Isaia. Lettura del testo nella Bibbia Greca. Allusioni a Baruch 4,30/5,9. Testi Ripresi dal Nuovo Testamento. Rilettura del Targum D'Isaia.
650 _aSEMANTICA
650 _eCodice materia Spics: 3301
942 _cBK
957 _71
999 _c78596
_d78596
999 _g1